Noms des années de mariage - Noces de ... (AVEC ILLUSTRATIONS) - Statistiques

Statistiques générales
  • Ce quiz a été pris 46 fois
  • Le résultat moyen est 33 sur 100
Statistiques - réponses
Par images Hint Réponse % Correct
1 an Coton
100%
2 ans Cuir
100%
17 ans Rose
98%
5 ans Bois
95%
7 ans Laine
93%
50 ans Or
93%
8 ans Coquelicot
90%
40 ans Émeraude
90%
60 ans Diamant
88%
30 ans Perle
88%
32 ans Cuivre
85%
4 ans Cire
83%
100 ans Eau
83%
13 ans Muguet
83%
11 ans Corail
78%
20 ans Porcelaine
76%
16 ans Saphir
76%
37 ans Papier
73%
12 ans Soie
73%
35 ans Rubis
71%
25 ans Argent
68%
22 ans Bronze
66%
80 ans Chêne
61%
83 ans Vanille
59%
79 ans Bambou
56%
62 ans Ivoire
51%
46 ans Lavande
51%
55 ans Orchidée
51%
41 ans Fer
49%
24 ans Satin
46%
34 ans Ambre
44%
15 ans Cristal
41%
58 ans Érable
41%
48 ans Améthyste
37%
26 ans Jade
37%
42 ans Nacre
37%
14 ans Plomb
37%
92 ans Lys
34%
56 ans* ** Buis/ Lapis-Lazuli
32%
70 ans Platine
32%
38 ans Mercure
29%
44 ans Topaze
29%
10 ans Étain
27%
9 ans Faïence
27%
18 ans Turquoise
27%
47 ans Cachemire
24%
49 ans Cèdre
24%
78 ans Ébène
24%
68 ans* Granit
24%
90 ans* Granit
24%
84 ans Iris
24%
29 ans Velours
24%
59 ans** Olivier / Vison
22%
77 ans Silice
22%
67 ans Chinchilla
20%
93 ans* Lapis-Lazuli
20%
63 ans Lilas
20%
71 ans Ocre
20%
21 ans Opale
17%
72 ans Titane
17%
27 ans Acajou
15%
66 ans Jasmin
15%
28 ans Nickel
15%
3 ans Froment
12%
82 ans Grenat
12%
76 ans Zinc
12%
98 ans If
10%
89 ans Onyx
10%
85 ans Uranium
10%
45 ans Vermeil
10%
75 ans Albâtre
7%
43 ans Flanelle
7%
73 ans Fonte
7%
36 ans Mousseline
7%
65 ans Palissandre
7%
61 ans Platane
7%
31 ans Basane
5%
51 ans Camélia
5%
6 ans Chypre
5%
39 ans Crêpe
5%
33 ans Porphyre
5%
99 ans Araucaria
2%
57 ans Azalée
2%
23 ans Béryl
2%
81 ans Cornaline
2%
19 ans Crétonne
2%
86 ans Jaspe
2%
52 ans Tourmaline
2%
97 ans Tourmaline noire
2%
54 ans Zibeline
2%
95 ans Adansonia
0%
64 ans Astrakan
0%
91 ans Héliodore
0%
69 ans Mélèze
0%
53 ans Merisier
0%
88 ans Pehuen
0%
94 ans Péridot
0%
96 ans Potasse
0%
87 ans Psilocybe
0%
74 ans Sienne
0%
Aucun quiz correspondant
Distribution des résultats
% des personnes avec chaque résultat
Percentile par nombre de réponses
Votre historique - résultats
Vous n’avez pas pris ce quiz